000 00203 a2200097 4500
020 _a7509992602825
041 _aspa
100 _aPorter, Grant
245 _aCaldo de pollo para las almitas
942 _cBK
999 _c13480
_d13480